000 00929nam a22002177a 4500
003 BUBTL
008 231127b ||||| |||| 00| 0 eng d
041 _aBangla
082 _a340/ P2811j/ 2007
100 _95602
_aপাল, নির্মল চন্দ্র
245 _aজুডিসিয়াল সার্ভিস পরীক্ষা গাইড/
_cনির্মল চন্দ্র পাল, না্ঈম ফিরোজ, নওরীণ আ.কাঁকন
260 _aDhaka ;
_bSams Publication,
_cc2007
300 _a1248 p.
_c21 cm.
505 _aজুডিসিয়াল সার্ভিস পরীক্ষা গাইড, নির্মল চন্দ্র পাল, ল
526 _aLaw
650 0 _95601
_aJudicial Law
700 _95604
_aকাঁকন, নওরীণ আ.
856 _k0
_l0
_yDownload
942 _2ddc
_cBK
999 _c7161
_d7161